| 000 | 01052cam a22002895a 4500 | ||
|---|---|---|---|
| 001 | ssj0000200616 | ||
| 003 | OSt | ||
| 005 | 20160313151446.0 | ||
| 008 | 080730t2008 gw a frb 001 0 eng d | ||
| 020 | _a9781402068447 (alk. paper) | ||
| 040 |
_aYDXCP _cYDXCP _dBAKER _dNLGGC _dCDX _dBWX _dWaSeSS _dEG-ScBUE _beng |
||
| 082 | 0 | 4 |
_a615.19 _222 _bMED |
| 245 | 0 | 0 |
_aMedicinal chemistry and pharmacological potential of fullerenes and carbon nanotubes / _ceditors Franco Cataldo, Tatiana Da Ros. |
| 260 |
_a[Berlin] : _bSpringer, _cc.2008. |
||
| 300 |
_aviii, 408 p. : _bill. ; _c24 cm. |
||
| 490 | 0 |
_aCarbon materials : chemistry and physics ; _vv. 1 |
|
| 500 | _aIndex : p. 373-378. | ||
| 504 | _aIncludes bibliographical references. | ||
| 506 | _aAvailable on campus and off campus with authorized login. | ||
| 650 | 7 |
_aPharmaceutical chemistry. _930027 _2BUEsh |
|
| 650 | 7 |
_aFullerenes. _96925 _2BUEsh |
|
| 651 | _2BUEsh | ||
| 653 |
_bPPhrm _cMarch2016 |
||
| 700 | 1 |
_aCataldo, Franco, _eeditor. |
|
| 700 | 1 |
_aDa Ros, Tatiana, _eeditor. |
|
| 942 | _2ddc | ||
| 999 |
_c21388 _d21360 |
||